000 00283nam a22001337a 4500
008 170720b xxu||||| |||| 00| 0 eng d
020 _a3540098127
041 _aeng
080 _a004
100 _a28
101 _aSHKI
245 _aOPERATING SYSTEMS
_cBAYER, R
942 _2udc
_cBK
999 _c21671
_d21671